Desarrollo de ventajas competitivas: pymes exportadoras exitosas en Argentina, Chile y Colombia /

Kaydedildi:
Detaylı Bibliyografya
Yazar: Milesi, Dario
Diğer Yazarlar: Moori, Virginia, Robert, Verónica, Yoguel, Gabriela
Materyal Türü: Metin
Konular:
Etiketler: Etiketle
Etiket eklenmemiş, İlk siz ekleyin!

MARC

LEADER 00000 a a2200000 04500
001 16015
003
040
100 |a Milesi, Dario  
245 |a Desarrollo de ventajas competitivas:   |b pymes exportadoras exitosas en Argentina, Chile y Colombia /  |c Dario Milesi ; Virginia Moori ; Verónica Robert ; Gabriela Yoguel 
650 |a PEQUEÑAS EMPRESAS  
650 |a EXPORTACIONES  
650 |a AMERICA DEL SUR  
650 |a ARGENTINA  
650 |a CHILE  
650 |a COLOMBIA  
700 |a Moori, Virginia  
700 |a Robert, Verónica  
700 |a Yoguel, Gabriela  
773 |g número 92; páginas 25-  
999 |c 31423  |d 31423